Textbook of pteridophyta (Record no. 171401)

MARC details
000 -LEADER
fixed length control field 00355nam a2200145Ia 4500
008 - FIXED-LENGTH DATA ELEMENTS--GENERAL INFORMATION
fixed length control field 230917s9999||||xx |||||||||||||| ||und||
040 ## - CATALOGING SOURCE
-- 201988
Original cataloging agency VIVEKANANDA LIBRARY
041 ## - Language
-- English
082 ## - DDC NUMBER
Classification number 587 J663T
100 ## - MAIN ENTRY--PERSONAL NAME
Personal name Johri, R M
245 #0 - TITLE STATEMENT
Title Textbook of pteridophyta
260 ## - PUBLICATION, DISTRIBUTION, ETC. (IMPRINT)
Place of publication, distribution, etc New Delhi
Name of publisher, distributor, etc Dominant Publishers
Date of publication, distribution, etc 2012
300 ## - PHYSICAL DESCRIPTION
Pages v, 267 p.
942 ## - ADDED ENTRY ELEMENTS (KOHA)
Koha item type Books
Holdings
Withdrawn status Lost status Damaged status Not for loan Location (home branch) Sublocation or collection (holding branch) Date acquired Koha issues (times borrowed) Koha full call number Accession No. Koha date last seen Koha item type
        VIVEKANANDA LIBRARY VIVEKANANDA LIBRARY 25/08/2012 6 587 J663T 320389 10/10/2025 Books
        VIVEKANANDA LIBRARY VIVEKANANDA LIBRARY 25/08/2012 3 587 J663T 320390 18/09/2025 Books
        VIVEKANANDA LIBRARY VIVEKANANDA LIBRARY 25/08/2012 7 587 J663T 320391 30/12/2024 Books
        VIVEKANANDA LIBRARY VIVEKANANDA LIBRARY 25/08/2012 5 587 J663T 320392 08/01/2025 Books
        VIVEKANANDA LIBRARY VIVEKANANDA LIBRARY 25/08/2012 2 587 J663T 320393 20/12/2023 Books
© Designed and Maintained by Vivekananda Library, MDU Rohtak